The size of nations / (Record no. 934)

000 -LEADER
fixed length control field 03639nam a22007097a 4500
001 - CONTROL NUMBER
control field 9212412
003 - CONTROL NUMBER IDENTIFIER
control field LIBRIS
005 - DATE AND TIME OF LATEST TRANSACTION
control field 20210426104947.0
008 - FIXED-LENGTH DATA ELEMENTS--GENERAL INFORMATION
fixed length control field 031211s2003 xxu b 001 0 eng c
010 ## - LIBRARY OF CONGRESS CONTROL NUMBER
LC control number 2003051201
020 ## - INTERNATIONAL STANDARD BOOK NUMBER
International Standard Book Number 0262511878 (hft)
020 ## - INTERNATIONAL STANDARD BOOK NUMBER
International Standard Book Number 0262012049 (hc. : alk. paper)
035 ## - SYSTEM CONTROL NUMBER
System control number (DLC) 2003051201
035 ## - SYSTEM CONTROL NUMBER
System control number 7662953
035 ## - SYSTEM CONTROL NUMBER
System control number (BNAtoc) 2003051201
040 ## - CATALOGING SOURCE
Original cataloging agency DLC
Modifying agency Dh
Language of cataloging eng
Transcribing agency DLC
041 ## - LANGUAGE CODE
Language code of text/sound track or separate title eng
042 ## - AUTHENTICATION CODE
Authentication code pcc
050 00 - LIBRARY OF CONGRESS CALL NUMBER
Classification number JC364
Item number .A39 2003
080 ## - UNIVERSAL DECIMAL CLASSIFICATION NUMBER
Universal Decimal Classification number 32
Item number A-32
082 00 - DEWEY DECIMAL CLASSIFICATION NUMBER
Classification number 320.1
Edition number 21
084 ## - OTHER CLASSIFICATION NUMBER
Classification number Oc:d
Number source kssb/7
084 ## - OTHER CLASSIFICATION NUMBER
Classification number Qa
Number source kssb/7
100 1# - MAIN ENTRY--PERSONAL NAME
Personal name Alesina, Alberto
245 14 - TITLE STATEMENT
Title The size of nations /
Statement of responsibility, etc. Alberto Alesina and Enrico Spolaore
Remainder of title / by: MIT Press
260 ## - PUBLICATION, DISTRIBUTION, ETC.
Place of publication, distribution, etc. Cambridge, Mass.
Name of publisher, distributor, etc. MIT Press
Date of publication, distribution, etc. 2003
300 ## - PHYSICAL DESCRIPTION
Extent x, 261 p.
Other physical details ill.
504 ## - BIBLIOGRAPHY, ETC. NOTE
Bibliography, etc. note Includes bibliographical references and index.
505 00 - FORMATTED CONTENTS NOTE
Miscellaneous information 1.
Title Introduction --
Miscellaneous information 2.
Title Overlapping Jurisdictions and the State --
Miscellaneous information 3.
Title Voting on Borders --
Miscellaneous information 4.
Title Transfers --
Miscellaneous information 5.
Title Leviathans and the Size of Nations --
Miscellaneous information 6.
Title Openness, Economic Integration, and the Size of Nations --
Miscellaneous information 7.
Title Conflict and the Size of Nations --
Miscellaneous information 8.
Title War, Peace, and the Size of Nations --
Miscellaneous information 9.
Title Federalism and Decentralization --
Miscellaneous information 10.
Title Size and Economic Performance --
Miscellaneous information 11.
Title The Size of Nations: A Historical Overview --
Miscellaneous information 12.
Title The European Union --
Miscellaneous information 13.
Title Conclusions.
520 1# - SUMMARY, ETC.
Summary, etc. "The authors of this timely and provocative book use the tools of economic analysis to examine the formation and change of political borders. They argue that while these issues have always been at the core of historical analysis, international economists have tended to regard the size of a country as "exogenous," or no more subject to explanation than the location of a mountain range or the course of a river. Alesina and Spolaore consider a country's borders to be subject to the same analysis as any other manmade institution. In The Size of Nations they argue that the optimal size of a country is determined by a cost-benefit trade-off between the benefits of size and the costs of heterogeneity. In a large country, per capita costs may be low, but the heterogeneous preferences of a large population make it hard to deliver services and formulate policy. Smaller countries may find it easier to respond to citizen preferences in a democratic way."--BOOK JACKET.
650 #7 - SUBJECT ADDED ENTRY--TOPICAL TERM
Topical term or geographic name entry element Politisk teori
Source of heading or term sao
Authority record control number or standard number 156731
650 #7 - SUBJECT ADDED ENTRY--TOPICAL TERM
Topical term or geographic name entry element Nationalekonomi
General subdivision teori, filosofi
Source of heading or term sao
650 #7 - SUBJECT ADDED ENTRY--TOPICAL TERM
Topical term or geographic name entry element Statsdoktriner
Source of heading or term sao
Authority record control number or standard number 164161
650 #7 - SUBJECT ADDED ENTRY--TOPICAL TERM
Topical term or geographic name entry element Nationsbegreppet
Source of heading or term sao
Authority record control number or standard number 154973
650 #0 - SUBJECT ADDED ENTRY--TOPICAL TERM
Topical term or geographic name entry element States, Size of.
650 #7 - SUBJECT ADDED ENTRY--TOPICAL TERM
Topical term or geographic name entry element Politics
General subdivision economic analysis
Source of heading or term shbe
650 #4 - SUBJECT ADDED ENTRY--TOPICAL TERM
Topical term or geographic name entry element Statsvetenskap
650 #4 - SUBJECT ADDED ENTRY--TOPICAL TERM
Topical term or geographic name entry element Political science
650 #4 - SUBJECT ADDED ENTRY--TOPICAL TERM
Topical term or geographic name entry element Teori
650 #4 - SUBJECT ADDED ENTRY--TOPICAL TERM
Topical term or geographic name entry element Theory
650 #4 - SUBJECT ADDED ENTRY--TOPICAL TERM
Topical term or geographic name entry element Nationalekonomi
650 #4 - SUBJECT ADDED ENTRY--TOPICAL TERM
Topical term or geographic name entry element Economics
653 ## - INDEX TERM--UNCONTROLLED
Uncontrolled term პოლიტიკა
653 ## - INDEX TERM--UNCONTROLLED
Uncontrolled term პოლიტიკის მეცნიერებები
700 1# - ADDED ENTRY--PERSONAL NAME
Personal name Spolaore, Enrico
Relationship aut
942 ## - ADDED ENTRY ELEMENTS (KOHA)
Source of classification or shelving scheme
Koha item type Books
Holdings
Withdrawn status Lost status Source of classification or shelving scheme Damaged status Not for loan Permanent location Current location Date acquired Inventory number Total Checkouts Full call number Barcode Date last seen Price effective from Koha item type
          Ken Walker International University Ken Walker International University 01/21/2021 2423   32 A-32 2423 01/21/2021 01/21/2021 Books

Powered by Koha